| 000 | 00664nam a2200217 u 4500 | ||
|---|---|---|---|
| 005 | 20250408063815.0 | ||
| 008 | 100609s2007 mx r 000 0 spa d | ||
| 020 | _a9789689432029 | ||
| 035 | _aUPN01000176395 | ||
| 049 | _aCG | ||
| 050 | 4 |
_aD421 _bR3.3 |
|
| 100 | 1 |
_aRajchenberg, Enrique, _d1952- |
|
| 245 | 1 | 0 |
_aHablemos de los años 60 : _bla rebeldía / _cEnrique Rajchenberg. |
| 260 |
_aMéxico : _bRíos de Tinta, _c2007. |
||
| 300 |
_a224 p. : _bil. |
||
| 500 | _aDatos tomados de la cubierta | ||
| 650 | 4 |
_aHISTORIA MODERNA - _ySIGLO XX _914204 |
|
| 650 | 4 |
_aPolítica mundial _912677 |
|
| 650 | 4 |
_aCIENCIAS SOCIALES E HISTORIA _910427 |
|
| 905 | _aLibro | ||
| 999 |
_c148498 _d148498 |
||